Statistics for Jazz Artists A-Z

Click here to take the quiz!

General Stats

  • This quiz has been taken 16 times
  • The average score is 10 of 26

Answer Stats

Famous workAnswerInstrumentYears active% Correct
MSo WhatMiles DavisTrumpet1944-75, 1980-91
93%
LWhat A Wonderful WorldLouis ArmstrongVocals, Trumpet1919-71
87%
FFly Me To The MoonFrank SinatraVocals1935-95
73%
EDream A Little Dream Of MeElla FitzgeraldVocals1934-93
67%
BStrange FruitBillie HolidayVocals1933-59
67%
DCaravanDuke EllingtonPiano1914-79
60%
HCantaloupe IslandHerbie HancockKeyboards1961-present
60%
CYardbird SuiteCharlie ParkerSaxophone1937-55
53%
XOld FolksXavier DavisPiano1990s-present
53%
T'Round MidnightThelonious MonkPiano1940s-73
53%
SThe Girl From IpanemaStan GetzTenor Saxophone1943-91
53%
QSoul Bossa NovaQuincy JonesRecord Producer, Trumpet1952-present
47%
NFeeling GoodNina SimoneVocals1945-2003
40%
OI Got It Bad And That Ain't GoodOscar PetersonPiano1945-2007
40%
PThis Is Not AmericaPat MethenyGuitar1974-present
33%
WIn Your Own Sweet WayWes MontgomeryGuitar1947-68
27%
ABlue SkiesArt TatumPiano1920s-56
27%
KThe Köln ConcertKeith JarrettPiano1966-present
20%
RAlmost Like Being In LoveRed GarlandPiano1940s-84
13%
YLove Theme From SpartacusYusuf LateefTenor Saxophone1955-2013
13%
ZViolets For Your FursZoot SimsSaxophone1944-85
13%
UBlitzkrieg BabyUna Mae CarlisleVocals, Piano1930s-56
7%
IJump For JoyIvie AndersonVocals1920s-49
7%
GMy RomanceGene AmmonsTenor Saxophone1943-74
7%
JMy Little Brown BookJohn ColtraineSaxophone1945-67
0%
VBoliviaVictor FeldmanDrums, Piano1940s-80s
0%

Score Distribution

Percentile by Number Answered

Percent of People with Each Score

Your Score History

You have not taken this quiz